[Event "VIII Dos Hermanas Internet"]
[Site "ICC INT"]
[Date "2007.03.23"]
[Round "1.2"]
[White "Popovic,Du"]
[Black "Ibrahimov,R"]
[Result "0-1"]
[WhiteElo "2557"]
[BlackElo "2530"]

1.d4 Nf6 2.c4 e6 3.Nc3 Bb4 4.Nf3 c5 5.g3 cxd4 6.Nxd4 Ne4 7.Qd3 Bxc3+ 8.bxc3 Nc5
9.Qf3 d6 10.Bg2 Nbd7 11.O-O Ne5 12.Qf4 Bd7 13.Nb5 Bxb5 14.cxb5 O-O 15.h3 Rc8
16.Be3 b6 17.c4 Qe7 18.Rac1 h6 19.Rfd1 Rfd8 20.Qd4 Rc7 21.f4 Ng6 22.Qd2 Nf8
23.Bd4 Nfd7 24.Ba1 Nf6 25.Qd4 Rcd7 26.Bc6 Rc7 27.e4 Rcc8 28.Qe3 e5 29.fxe5 dxe5
30.Bd5 Nxd5 31.cxd5 Qd7 32.Kh2 Qxb5 33.Bxe5 Re8 34.Bd4 Rxe4 35.Rxc5 Qe2+
36.Qxe2 Rxe2+ 37.Kg1 bxc5 38.Bf2 c4 39.d6 c3 40.d7 Rd8 41.Kf1 Re7 42.Rc1 Rdxd7
43.Rxc3 Rd1+ 44.Kg2 Rd2 45.Kf3 Rxa2 46.Be3 a5 47.g4 a4 48.Rc8+ Kh7 49.Kf4 Ra3
50.Bc5 Rc3  0-1

[Event "zt 2.5 w"]
[Site "San Luis ARG"]
[Date "2007.03.24"]
[Round "6"]
[White "Amura,C"]
[Black "Sarquis,M"]
[Result "1-0"]
[WhiteElo "2357"]
[BlackElo "2182"]

1.d4 Nf6 2.c4 e6 3.Nf3 Bb4+ 4.Nc3 b6 5.Bg5 Bb7 6.Nd2 h6 7.Bh4 c5 8.d5 Bxc3
9.bxc3 d6 10.e4 e5 11.a4 a5 12.Rb1 Nbd7 13.Be2 Rb8 14.Qc2 Bc8 15.Nf1 Nf8
16.Ne3 Ng6 17.Bxf6 Qxf6 18.Bg4 Ba6 19.f3 h5 20.Bf5 Ne7 21.h4 Kd8 22.Rb3 Kc7
23.Ke2 Rb7 24.Bh3 g5 25.hxg5 Qxg5 26.Kd3 h4 27.Bf5 Rbb8 28.Qb2 Rh6 29.Rb1  1-0

[Event "Interclubes Paulista"]
[Site "Sao Paulo BRA"]
[Date "2007.03.25"]
[Round "7"]
[White "Vescovi,G"]
[Black "Viana da Costa,F"]
[Result "1-0"]
[WhiteElo "2604"]
[BlackElo "2288"]

1.d4 Nf6 2.c4 e6 3.Nc3 Bb4 4.Nf3 b6 5.Bg5 Bb7 6.Nd2 Bxc3 7.bxc3 d6 8.f3 Nbd7
9.e4 Qe7 10.Bd3 h6 11.Be3 e5 12.O-O g5 13.a4 c5 14.a5 Kd8 15.Rf2 Kc7 16.Nf1 Nh5
17.Bc2 Rhb8 18.Bc1 Ndf6 19.Ne3 Bc8 20.Bd3 Be6 21.Rfa2 Qe8 22.Bf1 Nf4 23.dxe5 dxe5
24.Nd5+ Bxd5 25.cxd5 Kd6 26.Be3 Ng6 27.Qb3 Nd7 28.Bb5 Ne7 29.axb6 axb6 30.Bxd7  1-0

[Event "Vladimir Zak mem"]
[Site "St Petersburg RUS"]
[Date "2007.03.26"]
[Round "3"]
[White "Shpartko,G"]
[Black "Semenenko,S"]
[Result "1-0"]
[WhiteElo "2019"]
[BlackElo "2196"]

1.d4 Nf6 2.c4 e6 3.Nc3 Bb4 4.Nf3 b6 5.e3 Bb7 6.Qc2 c5 7.Be2 O-O 8.O-O cxd4
9.Nxd4 a6 10.Bf3 Qc7 11.b3 Bxf3 12.Nxf3 d5 13.Bb2 dxc4 14.Ne4 Nbd7 15.bxc4 Be7
16.Rfd1 Nxe4 17.Qxe4 Nf6 18.Bxf6 Bxf6 19.Rab1 Rfd8 20.g3 Rac8 21.Rxd8+ Bxd8
22.Rd1 Bf6 23.Rb1 g6 24.h4 Qxc4 25.Qxc4 Rxc4 26.Rxb6 Ra4 27.Nd2 Bc3 28.Nb1 Bb4
29.a3 Bxa3 30.Nc3 Rc4 31.Ne2 a5 32.Nd4 a4 33.Nf3 Rb4 34.Ra6 Bb2 35.Ra8+ Kg7
36.Ra7 h6 37.Ne1 a3 38.Nd3 Rb5 39.Nf4 Kf6 40.Nd3 e5 41.Ra6+ Kf5 42.f3 e4
43.g4+  1-0

[Event "ch-KAZ"]
[Site "Astana KAZ"]
[Date "2007.03.28"]
[Round "9"]
[White "Kozlov,R"]
[Black "Moiseenko,Ilya"]
[Result "1-0"]
[WhiteElo "2350"]
[BlackElo "2308"]

1.d4 Nf6 2.c4 e6 3.Nc3 Bb4 4.Nf3 b6 5.Bg5 h6 6.Bh4 c5 7.d5 Bxc3+ 8.bxc3 d6
9.Nd2 Bb7 10.Qc2 exd5 11.cxd5 Bxd5 12.e4 Be6 13.O-O-O Nbd7 14.f4 Qc7 15.f5  1-0

[Event "Bundesliga 2006-7"]
[Site "Baden Baden GER"]
[Date "2007.03.31"]
[Round "14"]
[White "Stocek,J"]
[Black "Gustafsson,J"]
[Result "1-0"]
[WhiteElo "2566"]
[BlackElo "2584"]

1.d4 Nf6 2.c4 e6 3.Nc3 Bb4 4.Nf3 c5 5.a3 Bxc3+ 6.bxc3 Nc6 7.Qd3 d6 8.Bg5 e5
9.Rd1 h6 10.dxe5 dxe5 11.Qxd8+ Nxd8 12.Be3 Nc6 13.Bxc5 Ne4 14.Be3 Be6 15.g3 Nxc3
16.Rc1 Ne4 17.Bg2 Nd6 18.Nd2 O-O 19.O-O Rfd8 20.Rfd1 Nf5 21.Bc5 Rac8 22.Kf1 b6
23.Bb4 Nxb4 24.axb4 Rc7 25.Ke1 Rdc8 26.Ra1 Nd4 27.Be4 Bxc4 28.Nxc4 Rxc4 29.Rxa7 Rxb4
30.Bd5 Rf8 31.Rc1 Nb5 32.Rd7 Ra4 33.Re7 Rd4 34.e4 Kh7 35.f3 f5 36.Rc6 fxe4
37.Bxe4+ Kh8 38.Rxe5 Rd6 39.Rxb5  1-0

[Event "30th Open"]
[Site "San Sebastian ESP"]
[Date "2007.04.02"]
[Round "2"]
[White "San Segundo Carrillo,P"]
[Black "Angulo Martinez,J"]
[Result "1-0"]
[WhiteElo "2539"]
[BlackElo "2165"]

1.d4 Nf6 2.c4 e6 3.Nc3 Bb4 4.Nf3 c5 5.g3 cxd4 6.Nxd4 O-O 7.Bg2 d5 8.cxd5 Nxd5
9.Qb3 Qb6 10.Bxd5 Qxd4 11.Bg2 Bxc3+ 12.bxc3 Qd7 13.O-O Nc6 14.Ba3 Re8 15.Rfd1 Na5
16.Qb4 Qc7 17.Qa4 Nc6 18.Bd6 Qd8 19.Rab1 e5 20.Bc5 Qg5 21.h4 Qg6 22.Be4 Qh5
23.Bf3 Qg6 24.h5 Qf5 25.Qe4 Qg5 26.Be3 Qf6 27.g4 h6 28.c4 Rb8 29.c5 Be6 30.Rd6 Qe7
31.a3 Na5 32.Rc1 Nc6 33.Kg2 Red8 34.Rcd1 Rf8 35.Qa4 Rbd8 36.Be4 f5 37.gxf5 Bxf5
38.Bxf5 Rxf5 39.R1d5  1-0

[Event "30th Open"]
[Site "San Sebastian ESP"]
[Date "2007.04.02"]
[Round "2"]
[White "San Segundo Carrillo,P"]
[Black "Angulo Martinez,J"]
[Result "1-0"]
[WhiteElo "2539"]
[BlackElo "2165"]

1.d4 Nf6 2.c4 e6 3.Nc3 Bb4 4.Nf3 c5 5.g3 cxd4 6.Nxd4 O-O 7.Bg2 d5 8.cxd5 Nxd5
9.Qb3 Qb6 10.Bxd5 Qxd4 11.Bg2 Bxc3+ 12.bxc3 Qd7 13.O-O Nc6 14.Ba3 Re8 15.Rfd1 Na5
16.Qb4 Qc7 17.Qa4 Nc6 18.Bd6 Qd8 19.Rab1 e5 20.Bc5 Qg5 21.h4 Qg6 22.Be4 Qh5
23.Bf3 Qg6 24.h5 Qf5 25.Qe4 Qg5 26.Be3 Qf6 27.g4 h6 28.c4 Rb8 29.c5 Be6 30.Rd6 Qe7
31.a3 Na5 32.Rc1 Nc6 33.Kg2 Red8 34.Rcd1 Rf8 35.Qa4 Rbd8 36.Be4 f5 37.gxf5 Bxf5
38.Bxf5 Rxf5 39.Rxd8+ Nxd8 40.Qd7 Qxd7 41.Rxd7 Rf8 42.Kg3 Re8 43.Kg4 Rf8
44.Kg3 Re8 45.Kf3 e4+ 46.Kf4 Rf8+ 47.Kg3 b6 48.cxb6 axb6 49.Bxb6 Ne6 50.Be3 Rc8
51.a4 Nc5 52.Ra7 Rc6 53.Kf4 Rf6+ 54.Ke5 Na6 55.Kxe4 Nb4 56.Bd4 Re6+ 57.Kf3  1-0

[Event "8th ch-Euro"]
[Site "Dresden GER"]
[Date "2007.04.03"]
[Round "1"]
[White "Gustafsson,J"]
[Black "Erturan,Y"]
[Result "1-0"]
[WhiteElo "2584"]
[BlackElo "2360"]

1.d4 Nf6 2.c4 e6 3.Nc3 Bb4 4.Nf3 O-O 5.Bg5 Bxc3+ 6.bxc3 d6 7.Nd2 e5 8.e3 Nbd7
9.Bd3 Qe7 10.O-O Re8 11.Qc2 h6 12.Bh4 b6 13.Be4 Rb8 14.Bc6 Rd8 15.f4 Nf8
16.Ne4 N8h7 17.Rf3 exd4 18.exd4 Rf8 19.Re1 Qd8 20.Nxf6+ Nxf6 21.Rfe3 Bd7
22.Bxf6 gxf6 23.Qd1 f5 24.Qh5 Bxc6 25.Qxh6  1-0

[Event "8th ch-Euro"]
[Site "Dresden GER"]
[Date "2007.04.04"]
[Round "2"]
[White "Stocek,J"]
[Black "Beckhuis,G"]
[Result "1-0"]
[WhiteElo "2566"]
[BlackElo "2313"]

1.d4 Nf6 2.c4 e6 3.Nc3 Bb4 4.Nf3 c5 5.g3 cxd4 6.Nxd4 Ne4 7.Qb3 Qa5 8.Nc2 Bxc3+
9.bxc3 b6 10.Bg2 Bb7 11.O-O Na6 12.Ba3 Nd2 13.Bxb7 Nxb3 14.axb3 Qxc3 15.Ne3 Nc7
16.Bd6 a5 17.Rfc1 Qd2 18.c5 Nb5 19.Bxa8 Nxd6 20.cxd6 O-O 21.Nc4 Qb4 22.Bf3 h6
23.Rab1 b5 24.Ne5 Qxd6 25.Nd3 Qa3 26.Ra1 Qxb3 27.Rxa5 d5 28.Ra7 Re8 29.Rcc7 e5
30.Rxf7 e4 31.Rxg7+ Kh8 32.Rh7+ Kg8 33.Rag7+ Kf8 34.Nf4 Qd1+ 35.Kg2 exf3+
36.exf3  1-0

[Event "Kaupthing GM"]
[Site "Reykjavik ISL"]
[Date "2007.04.05"]
[Round "2"]
[White "Thorfinnsson,Br"]
[Black "Miezis,N"]
[Result "0-1"]
[WhiteElo "2384"]
[BlackElo "2521"]

1.d4 Nf6 2.c4 e6 3.Nc3 Bb4 4.Nf3 c5 5.d5 exd5 6.cxd5 d6 7.Bg5 h6 8.Bh4 g5
9.Bg3 Ne4 10.Nd2 Nxc3 11.bxc3 Bxc3 12.Rc1 Bf6 13.Ne4 Be7 14.e3 f5 15.Bb5+ Kf8
16.Nd2 Kg7 17.O-O Nd7 18.f4 Nf6 19.e4 fxe4 20.fxg5 hxg5 21.Qe2 a6 22.Ba4 Bd7
23.Bc2 Rh6 24.Nxe4 Bb5 25.Bd3 Nxe4 26.Qxe4 Bf6 27.a4 Bxd3 28.Qxd3 Qd7 29.Rb1 Re8
30.a5 Re3 31.Qf5 Qxf5 32.Rxf5 Rxg3 33.Rxb7+ Kg6 34.Rxf6+ Kxf6 35.hxg3 Ke5
36.Kf2 Kxd5 37.Rb6 c4 38.Rxa6 Rh1 39.Ke3 Re1+ 40.Kf2 Ra1 41.Ra8 c3  0-1

[Event "8th ch-Euro"]
[Site "Dresden GER"]
[Date "2007.04.06"]
[Round "4"]
[White "Stocek,J"]
[Black "Tomashevsky,E"]
[Result "1/2-1/2"]
[WhiteElo "2566"]
[BlackElo "2624"]

1.d4 Nf6 2.c4 e6 3.Nc3 Bb4 4.Nf3 b6 5.Bg5 Bb7 6.Qc2 Qe7 7.e3 c5 8.d5 d6 9.O-O-O Bxc3
10.Qxc3 Nbd7 11.Bd3 O-O-O 12.Bc2 h6 13.Bh4 g5 14.Bg3 exd5 15.cxd5 Kb8 16.Qc4 Nh5  1/2-1/2

[Event "8th ch-Euro w"]
[Site "Dresden GER"]
[Date "2007.04.06"]
[Round "4"]
[White "Kosintseva,N"]
[Black "Zdebskaja,N"]
[Result "1-0"]
[WhiteElo "2496"]
[BlackElo "2291"]

1.d4 Nf6 2.c4 e6 3.Nc3 Bb4 4.Nf3 d5 5.cxd5 exd5 6.Bg5 O-O 7.e3 c5 8.dxc5 Nbd7
9.Rc1 Qa5 10.a3 Bxc3+ 11.Rxc3 Ne4 12.b4 Nxc3 13.Qa1 Qa4 14.Qxc3 a5 15.b5 Re8
16.Be2 Nf8 17.Nd4 Ne6 18.Nxe6 Rxe6 19.O-O Bd7 20.Qb2 Rc8 21.Rc1 Rg6 22.Bf4 Qe4
23.Bg3 Qe7 24.c6 Bf5 25.Qe5 Qxe5 26.Bxe5 Re6 27.Bg3 Re7 28.Kf1 bxc6 29.bxc6 Re6
30.Bb5 Kf8 31.Rc5 g6 32.c7 Rb6 33.a4 Be6 34.Ke2 Ke7 35.Kd3 f6 36.Kd4 Bf7
37.f3 Be6 38.h4 h6 39.Bf4 g5 40.hxg5 hxg5 41.Bg3 Rh8 42.Be1 Ra8 43.Rc1 Bd7
44.Kc5 Raa6 45.c8=Q Bxc8 46.Bxa5 Re6 47.Bxa6 Bxa6 48.Kd4 Bc4 49.e4 Bb3 50.Bb4+ Kd7
51.exd5 Re5 52.Rc5 Bxa4 53.Ra5 Bb3 54.Ra7+ Ke8 55.d6 Rd5+ 56.Kc3 Bd1 57.Re7+ Kd8
58.Re1 Ba4 59.Kc4 Bc6 60.Re6 Rf5 61.Re7 Bb5+ 62.Kd4 Bc6 63.Bc5 Bd7 64.Rg7 Kc8
65.Rf7 Rf4+ 66.Ke3 Rc4 67.Bd4 f5 68.g3 Ra4 69.Bf6 Ra3+ 70.Kf2 g4 71.fxg4 fxg4
72.Be5 Rb3 73.Rf4 Rb6 74.Ke3 Kb7 75.Rf1 Rb3+ 76.Kf4 Rb4+ 77.Kg5 Re4 78.Kf6 Kc6
79.Bf4 Rd4 80.Rc1+ Kd5 81.Rc7 Ba4 82.d7 Ke4 83.Ke7 Bxd7 84.Rxd7 Ra4 85.Kf6 Ra5
86.Re7+ Kf3 87.Re3+ Kg2 88.Re5 Ra4 89.Kf5 Kh3 90.Rb5 Rc4 91.Be5 Ra4 92.Rb7 Ra5
93.Re7 Rb5 94.Rd7 Ra5 95.Rd4 Rb5 96.Ke4 Ra5 97.Bf4 Rb5 98.Rd5 Rb4+ 99.Kf5 Rb7
100.Kg6 Rb6+ 101.Kh5 Rb7 102.Rg5 Rh7+ 103.Kg6 Rb7 104.Rh5+ Kg2 105.Kg5 Kf3
106.Kh4 Rf7 107.Rh8 Rb7 108.Rf8 Rh7+ 109.Bh6+ Ke4 110.Kg5  1-0

[Event "8th ch-Euro"]
[Site "Dresden GER"]
[Date "2007.04.07"]
[Round "5"]
[White "Zweschper,E"]
[Black "Glantz,R"]
[Result "0-1"]
[WhiteElo "2170"]
[BlackElo "1991"]

1.d4 Nf6 2.Nf3 e6 3.c4 Bb4+ 4.Nc3 Ne4 5.Qc2 f5 6.Nd2 O-O 7.Ndxe4 fxe4 8.Qxe4 d5
9.Qd3 c5 10.a3 dxc4 11.Qxc4 b5 12.Qd3 cxd4 13.axb4 dxc3 14.Qxd8 Rxd8 15.bxc3 Bb7
16.f3 Nd7 17.e4 a6 18.Be3 Rac8 19.Rc1 Ne5 20.Bd4 Rxd4 21.cxd4 Nd3+  0-1

[Event "8th ch-Euro"]
[Site "Dresden GER"]
[Date "2007.04.08"]
[Round "6"]
[White "Kacheishvili,G"]
[Black "Meier,Geo"]
[Result "1-0"]
[WhiteElo "2587"]
[BlackElo "2512"]

1.d4 e6 2.c4 Nf6 3.Nc3 Bb4 4.Nf3 c5 5.g3 Nc6 6.Bg2 Ne4 7.Bd2 Bxc3 8.bxc3 O-O
9.Be3 cxd4 10.Nxd4 d5 11.Qc2 Qa5 12.O-O Qxc3 13.Bxe4 Nxd4 14.Bxd4 Qxd4 15.cxd5 exd5
16.Bxh7+ Kh8 17.Rfd1 Qe5 18.Bd3 Bd7 19.Qc5 Bc6 20.Bb5 Rfc8 21.Bxc6 Rxc6 22.Qxd5 Qxe2
23.Re1 Qc4 24.Qxc4 Rxc4 25.Re7 Kg8 26.Rxb7 Ra4 27.a3 Rc8 28.Rb3 Rc7 29.Rd1 f6
30.h4 Kf7 31.Kg2 Ke6 32.Re3+ Kf7 33.Rd6 Re7 34.Rc3 Re6 35.Rd5 Re7 36.Kh3 Ke6
37.Rd8 Kf5 38.g4+ Kf4 39.Rdd3 Re1 40.Rf3+ Ke5 41.h5 Ke6 42.Rc7 Rh1+ 43.Kg2 Rh4
44.Re3+ Kd6 45.Rxg7  1-0

[Event "9th Open"]
[Site "Foxwoods USA"]
[Date "2007.04.08"]
[Round "8"]
[White "Perelshteyn,E"]
[Black "Hess,Ro"]
[Result "1/2-1/2"]
[WhiteElo "2531"]
[BlackElo "2412"]

1.d4 Nf6 2.c4 e6 3.Nc3 Bb4 4.Nf3 c5 5.g3 cxd4 6.Nxd4 Ne4 7.Qd3 Bxc3+ 8.bxc3 Nc5
9.Qf3 O-O 10.Bg2 d6 11.O-O Bd7 12.Rd1 Ba4 13.Rd2 Nbd7 14.Nb5 Bxb5 15.cxb5 d5
16.Qf4 a6 17.Rb1 axb5 18.Rxb5 Ra4 19.Rb4 Qa5 20.Rxa4 Nxa4 21.Ba3 Rc8 22.Bb4 Qc7
23.Qxc7 Rxc7 24.e4 Nxc3 25.Bxc3 Rxc3 26.exd5 Rc1+ 27.Bf1 exd5 28.Rxd5 Rc7
29.Bb5 Nf8 30.Rd8 f6 31.Ba4 Kf7 32.Bb3+ Ke7 33.Rd4 f5 34.Rd5 g6 35.Re5+ Kd8
36.Kg2 Nd7 37.Rb5 Ke7 38.h3 Kd6 39.Rd5+ Ke7 40.Rb5 Kd6 41.Rd5+ Ke7 42.Rd4 Nc5
43.Rh4 Kd6 44.Bg8 Rg7 45.Rd4+ Kc7 46.Bc4 Rd7 47.Rxd7+ Nxd7 48.Bb3 Kd6 49.Kf3 Ke5
50.Ke3 Nf6 51.Bd1 Nd5+ 52.Kd3 Nb4+ 53.Kc4 Nxa2 54.Bf3 b5+ 55.Kb3 Nc1+ 56.Kc2 Na2
57.Kb3  1/2-1/2

[Event "8th ch-Euro"]
[Site "Dresden GER"]
[Date "2007.04.09"]
[Round "7"]
[White "Pashikian,A"]
[Black "Aleksandrov,A"]
[Result "1/2-1/2"]
[WhiteElo "2538"]
[BlackElo "2609"]

1.d4 Nf6 2.c4 e6 3.Nc3 Bb4 4.Nf3 d5 5.cxd5 exd5 6.Bg5 Nbd7 7.e3 c5 8.Bd3 c4
9.Bf5 Nb6 10.Bxc8 Rxc8 11.O-O O-O 12.Ne5 Bxc3 13.bxc3 Qd6 14.Bxf6 Qxf6 15.a4 Rc7
16.Qg4 Qe7 17.Rfe1 f6 18.Nf3 Re8 19.Nd2 Qf7 20.a5 Nc8 21.e4 dxe4 22.Rxe4 Rxe4
23.Qxe4 Nd6 24.Qf3 Qe6 25.g3 h6 26.Kg2 g5 27.h3 Kg7 28.Nf1 f5 29.Ne3 Re7
30.Re1 Kf8 31.Nc2 Qf7 32.Re5 f4 33.g4 Qg6 34.Nb4 a6 35.h4 gxh4 36.Nd5 Rg7
37.Kh3 Qd3 38.Re3 Qf1+ 39.Kh2 Rf7 40.Re6 Qd3 41.Kg2 Nb5 42.Rxh6 Na3 43.Rxh4 Nb1
44.Rh8+ Kg7 45.Qh3 Qxh3+ 46.Rxh3 Nd2 47.Rh5 f3+ 48.Kg1 Kg6 49.Ne3 Rc7 50.Rh8 Ne4
51.Nd5 Rd7 52.Rh5 Nd2 53.Nf4+ Kg7 54.Re5 Rf7 55.Nd5 Kg6 56.Ne3 Rh7 57.d5 Nb1
58.Rh5 Rg7 59.Nxc4 Nxc3 60.Kh2 Ne4 61.Ne5+ Kf6 62.Rf5+ Ke7 63.Rxf3 Kd6 64.Nf7+ Kxd5
65.Rf5+ Kd4 66.f3 Nd2 67.Kg3 Nc4 68.Ng5 Rg6 69.Nh3 b5 70.axb6 Rxb6 71.g5 a5
72.Nf4 a4 73.g6 Rb8 74.g7 Rg8 75.Ne6+ Kc3 76.Rf8 Rxg7+ 77.Nxg7 a3 78.Ra8 Kb2
79.f4 a2 80.Rb8+ Kc3 81.Ra8 Kb2 82.Rxa2+ Kxa2 83.f5 Nd6  1/2-1/2

[Event "8th ch-Euro"]
[Site "Dresden GER"]
[Date "2007.04.09"]
[Round "7"]
[White "Agrest,E"]
[Black "Tiviakov,S"]
[Result "1/2-1/2"]
[WhiteElo "2561"]
[BlackElo "2663"]

1.d4 Nf6 2.c4 e6 3.Nc3 Bb4 4.Nf3 c5 5.g3 cxd4 6.Nxd4 O-O 7.Bg2 d5 8.cxd5 Nxd5
9.Qb3 Na6 10.O-O Nxc3 11.bxc3 Bc5 12.Qb5 Rb8 13.Nb3 Qc7 14.Rd1 e5 15.Nxc5 Nxc5
16.Ba3 b6 17.Qc6 Qxc6 18.Bxc6 Be6 19.Bxc5 bxc5 20.Bd5 Rfd8 21.Bxe6 fxe6 22.e4 Kf7
23.Rxd8 Rxd8 24.Rb1 Rd3 25.Rb7+ Kf6 26.Rxa7 Rxc3 27.Kg2 c4 28.h4 h5 29.Ra5 Rd3
30.Rc5 Ra3 31.Rxc4  1/2-1/2

[Event "FSIMB April"]
[Site "Budapest HUN"]
[Date "2007.04.11"]
[Round "5"]
[White "Werner,Di"]
[Black "Arjun,V"]
[Result "1/2-1/2"]
[WhiteElo "2358"]
[BlackElo "2274"]

1.d4 Nf6 2.c4 e6 3.Nc3 Bb4 4.Nf3 b6 5.Bg5 Bb7 6.Nd2 c5 7.d5 h6 8.Bh4 Bxc3
9.bxc3 Qe7 10.Qc2 d6 11.e4 O-O 12.Bd3 Nbd7 13.O-O e5 14.f3 Rfb8 15.Rfe1 Nf8
16.Bf2 Ng6 17.g3 Bc8 18.a4  1/2-1/2

[Event "8th ch-Euro"]
[Site "Dresden GER"]
[Date "2007.04.11"]
[Round "8"]
[White "Stocek,J"]
[Black "Bindrich,F"]
[Result "1/2-1/2"]
[WhiteElo "2567"]
[BlackElo "2469"]

1.d4 Nf6 2.c4 e6 3.Nc3 Bb4 4.Nf3 b6 5.Bg5 Bb7 6.Qc2 O-O 7.e3 c5 8.d5 exd5
9.cxd5 Bxc3+ 10.bxc3 h6 11.Bh4 Bxd5 12.Rd1 Be4 13.Bd3 Qe7 14.Bxf6 Bxd3 15.Rxd3 Qxf6
16.O-O Nc6 17.Rfd1 Rad8 18.Rd6 Qe7 19.Qf5 Nd4 20.R6xd4 cxd4 21.Nxd4 Qa3 22.h4 Qxc3
23.Nb5 Qa5 24.Qb1 d5 25.Nd4 Qa4 26.g3 Rfe8 27.Rd2 Rc8 28.Qb2 Qc4 29.Rd1 Qa4
30.Rd2 Qd7 31.Kh2 Rc5 32.Ne2 Qf5 33.Nf4 Rec8 34.Qb3 Rc2 35.Nxd5 Qe4 36.Ne7+ Kh7
37.Rxc2 Rxc2 38.Qxf7 Rxf2+ 39.Qxf2 Qxe7 40.Qc2+ Kh8 41.Qc8+ Kh7 42.Qc2+ Kh8  1/2-1/2

[Event "8th ch-Euro"]
[Site "Dresden GER"]
[Date "2007.04.13"]
[Round "10"]
[White "Stocek,J"]
[Black "Womacka,M"]
[Result "1/2-1/2"]
[WhiteElo "2567"]
[BlackElo "2460"]

1.d4 Nf6 2.c4 e6 3.Nc3 Bb4 4.Nf3 c5 5.g3 cxd4 6.Nxd4 O-O 7.Bg2 d5 8.O-O dxc4
9.Bg5 h6 10.Bxf6 Qxf6 11.Qa4 Qe7 12.Qb5 a6 13.Qxc4 b5 14.Qb3 Ra7 15.Rfd1 Rd7
16.Rd2 Rfd8 17.Rad1 Qc5 18.Ne4 Qf8 19.Nc3 Qc5 20.Nf3 Bb7 21.Rxd7 Rxd7 22.Rxd7 Nxd7
23.Ne5 Qxe5 24.Qxb4 Bxg2 25.Kxg2 Nf6 26.Qa3 Nd5 27.Qxa6 Nxc3 28.Qc8+ Kh7
29.Qxc3 Qxe2 30.b3 f5 31.a3 e5 32.Qe3 Qb2 33.Qd3 e4 34.Qxb5 e3 35.Qxf5+ Kh8
36.Qf8+ Kh7 37.Qf3 e2 38.Qe4+ Kh8 39.Kf3 Qxb3+ 40.Kxe2 Qxa3 41.Qe8+ Kh7 42.h4 Qb2+
43.Kf3 Qf6+ 44.Kg2 Qd4 45.Qe6 Kh8 46.g4 Qd8 47.Kg3 Qd3+ 48.f3 Qd1 49.Qe8+ Kh7
50.Qe3 Qd6+ 51.Qf4 Qd1 52.Qe3 Qd6+ 53.Kg2 Qd1 54.Qe7 Qd2+ 55.Kg3 Qd1 56.Kf4 Qd2+
57.Kg3 Qd1 58.Qe4+ Kh8 59.g5 hxg5 60.hxg5 Qd6+ 61.f4 Qd1 62.Kh4 Qd2 63.Qe8+ Kh7
64.Qe4+ Kh8 65.Kg4 Qd7+ 66.Kg3 Qd1 67.g6 Qb3+ 68.Kh4 Qb8 69.Kg4 Qc8+ 70.Qf5 Qe6
71.Kg5 Qe7+ 72.Kh5 Qd8 73.Qh3 Kg8 74.Qe6+ Kh8 75.Qh3 Kg8 76.Qf3 Kh8 77.f5 Qb8
78.Kg5 Qd8+ 79.Kh5 Kg8 80.Qb3+ Kh8 81.Qa4 Kg8 82.Kg4 Kh8 83.Qa1 Qd5 84.Qc3 Qc4+
85.Qxc4  1/2-1/2

[Event "FSIMB April"]
[Site "Budapest HUN"]
[Date "2007.04.14"]
[Round "8"]
[White "Werner,Di"]
[Black "Mihok,O"]
[Result "1/2-1/2"]
[WhiteElo "2358"]
[BlackElo "2357"]

1.d4 Nf6 2.c4 e6 3.Nc3 Bb4 4.Nf3 b6 5.Bg5 Bb7 6.Nd2 Bxc3 7.bxc3 h6 8.Bh4 d6
9.f3 Nbd7 10.e4 Qe7 11.Bd3 g5 12.Bf2 Rg8 13.Qa4 Kf8 14.h4 c5 15.hxg5 hxg5
16.O-O-O a5  1/2-1/2

[Event "2nd Open"]
[Site "d'Angers FRA"]
[Date "2007.04.14"]
[Round "4"]
[White "Barsov,A"]
[Black "Pham Minh Hoang"]
[Result "0-1"]
[WhiteElo "2521"]
[BlackElo "2476"]

1.d4 Nf6 2.c4 e6 3.Nc3 Bb4 4.Nf3 O-O 5.Bg5 h6 6.Bh4 d5 7.cxd5 exd5 8.e3 c6
9.Qc2 Be6 10.Bd3 Nbd7 11.O-O Bd6 12.Bg3 Bxg3 13.hxg3 Ng4 14.b4 a6 15.a4 Rc8
16.Rfc1 f5 17.b5 axb5 18.axb5 c5 19.dxc5 Nxc5 20.Nd4 Qg5 21.Nxe6 Nxe6 22.Qb3 Nc5
23.Qxd5+ Kh8 24.Be2 Nxf2 25.Qf3 Ng4 26.Nd5 Qh5 27.Bd1 Ne4 28.Rxc8 Rxc8 29.Ra2 Rc5  0-1

[Event "8th ch-Euro"]
[Site "Dresden GER"]
[Date "2007.04.14"]
[Round "11"]
[White "Jahnel,G"]
[Black "Sanikidze,T"]
[Result "1-0"]
[WhiteElo "2303"]
[BlackElo "2426"]

1.d4 Nf6 2.c4 e6 3.Nc3 Bb4 4.Nf3 d5 5.Bg5 O-O 6.e3 c5 7.cxd5 exd5 8.Rc1 Nbd7
9.Bd3 Qa5 10.O-O Bxc3 11.Rxc3 c4 12.Bb1 Ne4 13.Qc2 Re8 14.a4 Nf8 15.Ra3 Bg4
16.Bf4 Bxf3 17.gxf3 Nd2 18.Rd1 Nxf3+ 19.Kh1 Qb6 20.Bg3 Rad8 21.Qf5 Nxh2 22.Kxh2 Qxb2
23.Ra2 Qb3 24.Rh1 Re6 25.Kg2 Ng6 26.a5 c3 27.Rc2 Qb4 28.Rcc1 h6 29.Qd3 Rc6
30.Bc2 Qxa5 31.Ra1 Qb4 32.Rxa7 Qe7 33.Rh5 Qd7 34.Qe2 Rb6 35.Bf5 Qc6 36.Ra2 Nf8
37.Rh1 Qf6 38.Qg4 Ng6 39.Bc7 Rc6 40.Bxd8 Qxd8 41.Bd3 Nf8 42.Rha1 Qc7 43.Ra8 g6
44.Qf4  1-0

[Event "FSIMB April"]
[Site "Budapest HUN"]
[Date "2007.04.15"]
[Round "9"]
[White "Niemi,K"]
[Black "Arsenault,N"]
[Result "1/2-1/2"]
[WhiteElo "2288"]
[BlackElo "2143"]

1.d4 Nf6 2.c4 e6 3.Nc3 Bb4 4.Nf3 b6 5.Bg5 h6 6.Bh4 Bb7 7.Nd2 Bxc3 8.bxc3 d6
9.f3 Nbd7 10.e4 e5 11.Bd3 O-O 12.Nf1 Re8 13.Ne3 Nf8 14.Ng4 N8h7 15.Qd2 exd4
16.O-O dxc3 17.Qxc3 Ng5 18.Nxf6+ Qxf6 19.Qxf6 gxf6 20.Rfd1 Kg7 21.Bf1 Ne6
22.Rab1 Bc6 23.Rb2 a5  1/2-1/2

[Event "2nd Open"]
[Site "d'Angers FRA"]
[Date "2007.04.15"]
[Round "6"]
[White "Barsov,A"]
[Black "Ikonnikov,Vy"]
[Result "1/2-1/2"]
[WhiteElo "2521"]
[BlackElo "2544"]

1.d4 Nf6 2.c4 e6 3.Nc3 Bb4 4.Nf3 d6 5.Bg5 Bxc3+ 6.bxc3 h6 7.Bh4 c5 8.Nd2 Nbd7
9.e3 b6 10.Qf3 Ba6 11.Ne4 O-O 12.Nxd6 cxd4 13.cxd4 Qe7 14.c5 Bxf1 15.Kxf1 bxc5
16.dxc5 Nxc5 17.Bxf6 Qxf6 18.Qxf6  1/2-1/2

[Event "9th Open"]
[Site "Dubai UAE"]
[Date "2007.04.23"]
[Round "2"]
[White "Ramesh,R"]
[Black "Sandhu,M"]
[Result "1-0"]
[WhiteElo "2453"]
[BlackElo "2288"]

1.d4 Nf6 2.c4 e6 3.Nc3 Bb4 4.Nf3 O-O 5.Qb3 a5 6.a3 Bxc3+ 7.Qxc3 b5 8.cxb5 c6
9.e3 cxb5 10.Bxb5 Ne4 11.Qc2 Bb7 12.Bd3 f5 13.O-O Rf6 14.Nd2 Rh6 15.f3 Nd6
16.Rf2 Nc6 17.Nb3 f4 18.exf4 a4 19.Nc5 Nxd4 20.Qc3 N4f5 21.Bxf5 exf5 22.Be3 Bc6
23.Rd1 Ne8 24.Bd4 Qh4 25.g3 Qh5 26.Re1 Rg6 27.Re7 Nc7 28.Rxg7+ Rxg7 29.Bxg7 Nb5
30.Qf6 Re8 31.Re2 Rc8 32.Re7 Bd5 33.Bh6  1-0

[Event "9th Open"]
[Site "Dubai UAE"]
[Date "2007.04.26"]
[Round "5"]
[White "Ramesh,R"]
[Black "Ghaem Maghami,E"]
[Result "0-1"]
[WhiteElo "2453"]
[BlackElo "2599"]

1.d4 Nf6 2.c4 e6 3.Nc3 Bb4 4.Nf3 c5 5.g3 Nc6 6.Bg2 Ne4 7.Bd2 Nxd2 8.Qxd2 cxd4
9.Nxd4 Ne5 10.Ndb5 O-O 11.Qd4 Nc6 12.Qd2 a6 13.Nd6 Qc7 14.Nxc8 Raxc8 15.a3 Be7
16.b4 Nxb4 17.axb4 Bxb4 18.O-O Qxc4 19.Qxd7 Rc7 20.Qa4 Bxc3 21.Rfc1 Qxa4
22.Rxa4 Rb8 23.Ra3 Be5 24.Rb1 Rd7 25.e3 Kf8 26.Kf1 Ke7 27.Ke2 Rc7 28.Ra2 Rd7
29.f4 Bd6 30.g4 g6 31.g5 Rc7 32.Be4 b5 33.Rxa6 b4 34.Rb3 Bc5 35.h4 Rh8 36.Kd3 h6
37.Rc6 Rxc6 38.Bxc6 hxg5 39.hxg5 Kd6 40.Bb5 Bxe3 41.Rxb4 Rh3 42.Ke2 Bc5 43.Ra4 Re3+
44.Kf1 Rb3 45.Be2 Rb2 46.Re4 Kd5 47.Ra4 Kd6 48.Re4 Ra2 49.Bc4 Rf2+ 50.Ke1 Rh2
51.Kf1 Ke7 52.Be2 Bd6 53.Bg4 Rh4 54.f5 gxf5 55.Bxf5 Rh5 56.Bg4 Rxg5 57.Bf3 f5
58.Ra4 Rg8 59.Ra7+ Kf6 60.Ra6 Ke5 61.Bd1 Rb8 62.Bh5 Bc5 63.Rc6 Bd6 64.Be2 Rd8
65.Bc4 Rh8 66.Ra6 Rh4 67.Ba2 Rh2 68.Ra5+ Kf6 69.Ra6 Rd2 70.Ke1 Rd4 71.Kf1 e5
72.Ra5 Kg5 73.Bb3 Kf4 74.Rd5 Rb4 75.Bd1 Rb6 76.Ba4 Rb1+ 77.Rd1 Rb6 78.Bd7 Bc5
79.Ke2 Rb2+ 80.Kd3 Rf2 81.Rd2 Rf3+ 82.Kc4 Bd4 83.Kd5 Ra3 84.Rd1 Ra5+ 85.Kc4 Kg5
86.Rf1 Rc5+ 87.Kd3 Rc3+ 88.Kd2 f4 89.Rg1+ Kf6 90.Rf1 f3  0-1

[Event "Icaro Open"]
[Site "Mexico City MEX"]
[Date "2007.04.29"]
[Round "6"]
[White "Perelshteyn,E"]
[Black "Gonzalez Zamora,J"]
[Result "0-1"]
[WhiteElo "2531"]
[BlackElo "2537"]

1.d4 Nf6 2.c4 e6 3.Nc3 Bb4 4.Nf3 c5 5.g3 cxd4 6.Nxd4 Ne4 7.Qd3 Qa5 8.Bd2 Nxd2
9.Qxd2 Nc6 10.Ndb5 O-O 11.Rd1 a6 12.Nd6 Ne5 13.Qf4 Qxa2 14.Qd2 Qb3 15.Bg2 Nxc4
16.Nxc4 Qxc4 17.O-O d5 18.e4 dxe4 19.Bxe4 Ra7 20.Qe3 Bc5 21.Qg5 f5 22.Bb1 b5
23.Ba2 Qb4 24.Rd2 Raf7 25.Re1 h6 26.Qh5 Rf6 27.Qf3 Kh8 28.Red1 Qa5 29.Qc6 Qb6
30.Qxb6 Bxb6 31.Re2 b4 32.Na4 Ba7 33.Rd6 e5 34.Rxf6 gxf6 35.Rc2 Rd8 36.Rc7 Bd4
37.Bc4 e4 38.Kg2 a5 39.b3 Be5 40.Ra7 f4 41.gxf4 Bxf4 42.Nb6 Bg4 43.Nd5 Be5
44.Ne7 Rd7 45.Ra8+ Kh7 46.Re8 h5 47.Nc6 Rg7 48.Re7 Rxe7 49.Nxe7 Bd7 50.Nd5 f5
51.f3 exf3+ 52.Kxf3 Kg7 53.h3 h4 54.Ke3 Kh6 55.Nb6 Be8 56.Bd5 Kg5 57.Nc4 Bc7
58.Bf3 Bf7 59.Be2 Bd5 60.Bf1 Be4 61.Kd4 Bc2 62.Nd2 Kf4 63.Kc5 Ke3 64.Nc4+ Kf2
65.Kc6 Bf4 66.Kd5  0-1

[Event "12th Cvitanovic Mem A"]
[Site "Split CRO"]
[Date "2007.05.01"]
[Round "4"]
[White "Horvath,P1"]
[Black "Polak,T"]
[Result "1/2-1/2"]
[WhiteElo "2465"]
[BlackElo "2510"]

1.d4 Nf6 2.c4 e6 3.Nc3 Bb4 4.Nf3 b6 5.Bg5 Bb7 6.e3 h6 7.Bh4 Bxc3+ 8.bxc3 d6
9.Nd2 g5 10.Bg3 Qe7 11.f3 Nbd7 12.Qa4 Kf8 13.e4 Kg7 14.Bd3 Nh5 15.Bf2 a6
16.g3 c5 17.O-O Rhf8 18.Qc2 Rac8 19.Rae1 Kh8 20.Kg2 Rg8 21.Qd1 Rcf8 22.h3 Rg7  1/2-1/2